Detalles MARC
| 000 -LIDER |
| fixed length control field |
01457nam a2200325 a 4500 |
| 001 - NÚMERO DE CONTROL |
| Identificador de número de control |
|
| 003 - IDENTIFICACDOR DE NÚMERO DE CONTROL |
| control field |
DO-SdBNP |
| 005 - DATE AND TIME OF LATEST TRANSACTION |
| control field |
20221108122418.0 |
| 007 - CAMPOS FIJOS DE DESCRIPCIÓN FÍSICA |
| fixed length control field |
000014795 |
| 008 - ELEMENTOS DE LONGITUD FIJA |
| fixed length control field |
100122s2008 dr b 000 0 spa d |
| 020 ## - ISBN |
| International Standard Book Number |
9789945458008 |
| 040 ## - FUENTE DE CATALOGACIÓN |
| Agencia que crea de manera original el registro |
BPMSU |
| Idioma de catalogación |
spa |
| Agencia que realiza la transcripción |
BPMSU |
| 082 ## - NÚMERO DE CLASIFICACIÓN DECIMAL DE DEWEY |
| Classification number |
327.101 |
| Item number |
R457n 2008 |
| Edition number |
22 |
| 092 ## - LOCALLY ASSIGNED DEWEY DECIMAL CALL NUMBER |
| Número de clasificación |
|
| Número de ítem (Cutter) |
|
| 100 1# - ASIENTO PRINCIPAL -- NOMBRE PERSONAL |
| Nombre personal |
Reyes Sánchez, Miguel |
| Fechas asociadas con el nombre |
1966- |
| 245 14 - MENCIÓN DE TITULO |
| Título |
Las nuevas fichas del tablero internacional / |
| Mención de responsabilidad |
Miguel Reyes Sánchez ; presentación Arelis Peña Brito ; Prólogo Miguel Antonio Rodríguez Cabrer. |
| 260 ## - PUBLICACIÓN, DISTRIBUCIÓN, ETC. (PIE DE IMPRENTA) |
| Lugar de publicación, distribución, etc |
Santo Domingo : |
| Nombre del editor, distribuidor, etc. |
Senderos del Mundo, |
| Fecha de publicación, distribución, etc |
2008. |
| 300 ## - DESCRIPCIÓN FÍSICA |
| Extensión |
xxxix, 520 p. : |
| Otros detalles físicos |
il.,gráf., mapas ; |
| Dimensiones |
24 cm. |
| 500 ## - NOTA GENERAL |
| Nota general |
Incluye datos biográficos del autor en la solapa de la cubierta |
| 505 0# - NOTA DE CONTENIDO |
| Texto normalizado de contenido |
Diplomacia 3 -- Economía y desarrollo 17 -- Globalización 51 -- Energía y medio ambiente 103 -- El mar 147 -- Migración 157 -- Seguridad y terrorismo 187 -- Organización de las Naciones Unidas 203 -- Europa 241 -- Medio Oriente 283 -- El mundo hindú y musulmán 363 -- China 397 -- Latinoamérica 415 -- Haití 453 -- Estados Unidos 479 -- Conflictos 493 |
| 590 ## - NOTA LOCAL |
| Enlace |
Inventariado, 2022/VM |
| 650 #4 - ENCABEZAMIENTO DE MATERIA--TEMÁTICO |
| Término temático o nombre geográfico como elemento de entrada |
Diplomacia |
| 650 #4 - ENCABEZAMIENTO DE MATERIA--TEMÁTICO |
| Término temático o nombre geográfico como elemento de entrada |
Política internacional |
| 650 #4 - ENCABEZAMIENTO DE MATERIA--TEMÁTICO |
| Término temático o nombre geográfico como elemento de entrada |
Relaciones internacionales |
| 650 #4 - ENCABEZAMIENTO DE MATERIA--TEMÁTICO |
| Término temático o nombre geográfico como elemento de entrada |
Globalización |
| Subdivisión temática general |
Aspectos económicos. |
| 700 1# - ASIENTO SECUNDARIO -- NOMBRE PERSONAL |
| Nombre personal |
Peña Brito, Arelis |
| 700 1# - ASIENTO SECUNDARIO -- NOMBRE PERSONAL |
| Nombre personal |
Rodríguez Cabrer, Miguel, |
| Mención de responsabilidad |
pról. |
| 910 ## - VALIDACIÓN |
| Validación |
VMateo V./Validado |
| 942 ## - ADDED ENTRY ELEMENTS (KOHA) |
| Source of classification or shelving scheme |
Dewey Decimal Classification |
| Koha item type |
Libros |